World Capitals with 10+ Letters - Statistics

General Stats
  • This quiz has been taken 251 times
    236 since last reset
  • The average score is 28 of 36
Answer Stats
Continent Letters Capital % Correct
North America 13 Guatemala City
90%
South America 11 Buenos Aires
89%
North America 12 Port-au-Prince
89%
Oceania 10 Wellington
88%
South America 10 Montevideo
87%
Africa 12 Antananarivo
86%
South America 10 Georgetown
86%
Oceania 11 Port Moresby
86%
North America 11 Port of Spain
86%
North America 10 Panama City
85%
South America 10 Paramaribo
85%
North America 12 Washington, D.C.
84%
Europe 14 Andorra la Vella
83%
Asia 17 Bandar Seri Begawan
82%
North America 10 Mexico City
82%
Africa 11 Brazzaville
81%
Europe 10 Copenhagen
80%
Asia 23 Sri Jayawardenepura Kotte
80%
North America 12 Santo Domingo
79%
Asia 11 Ulaanbaatar
78%
Africa 12 Yamoussoukro
76%
Europe 10 Luxembourg
75%
Africa 11 Ouagadougou
75%
Africa 10 Addis Ababa
73%
North America 11 Tegucigalpa
73%
Europe 10 Bratislava
72%
Europe 11 Vatican City
72%
North America 11 San Salvador
71%
Africa 12 Bloemfontein
70%
Asia 10 Kuwait City
70%
Africa 10 Libreville
70%
Asia 11 Kuala Lumpur
69%
Oceania 11 South Tarawa
69%
North America 10 Basseterre
66%
North America 10 Bridgetown
66%
Africa 10 Nouakchott
60%
No matching quizzes found
Score Distribution
Percent of People with Each Score
Percentile by Number Answered
Your Score History
You have not taken this quiz since the last reset